Cuarentena animal. volumen 1 /
Guardado en:
| Autor Principal: | |
|---|---|
| Formato: | Libro |
| Publicado: |
Washington :
,
1986
|
| Materias: | |
| Etiquetas: |
Agregar Etiqueta
Sin Etiquetas, Sea el primero en etiquetar este registro!
|
| LEADER | 00657nam a22001935a 4500 | ||
|---|---|---|---|
| 001 | CEM.cems016044 | ||
| 008 | 130507s1986##################000#0#####d | ||
| 005 | 20231108120526.0 | ||
| 245 | 1 | 0 | |a Cuarentena animal. volumen 1 / |c Organizacion Panamericana de La Salud Washington. |
| 260 | |a Washington : |b , |c 1986 | ||
| 300 | |a 482 p. | ||
| 100 | 1 | |a Organizacion Panamericana De La Salud Washington | |
| 082 | 0 | 4 | |a 636.0894 |
| 653 | |a Cuarentena | ||
| 653 | |a Ganadería | ||
| 653 | |a Veterinaria | ||
| 653 | |a Zoonosis | ||
| 859 | |a CEMS |b BIB. CEMS - Agricultura |h 636.0894 |i Or14-2/1 |p A14851.87 |t Ej.1 | ||
| 859 | |a CEMS |b BIB. CEMS - Agricultura |h 636.0894 |i Or14-2/1 |p A15995.90 |t Ej.2 | ||
